000 00474nab a2200145Ia 4500
003 ES-SlBCS
005 20210601135702.0
008 140529s1996 xxu||||| |||| 00| 0 spa d
041 _aspa
100 1 _aMbari Hinga, Teresia
_9235326
245 0 0 _aEntre el colonialismo y la inculturación. Teologías feministas en África
_c Teresia Mbari Hinga
650 0 4 _aTeología Feminista-África
_9235327
773 0 _tConcilium
_gnº. 263, 1996, págs. 41-51
_wRev134
942 _cAR
999 _c632251
_d632251